| 000 | 00876nam a2200241 a 4500 | ||
|---|---|---|---|
| 001 | BRCA_483 | ||
| 005 | 20190320203029.0 | ||
| 008 | 990111s1998 mx-a---##b---#000-0#spa-# | ||
| 020 | _a9687794054 | ||
| 040 |
_aDLC _cDLC _dDLC |
||
| 050 | 4 |
_aNE625 _b.E82 1998 |
|
| 245 | 1 | 0 |
_aEstampa europea de los siglos XV y XVI _bcolección Manuel Alvarez Bravo. |
| 260 |
_aMéxico _bMuseo Soumaya _c1998 |
||
| 300 |
_a258 p. _bil. _c34 cm. _e1 folleto |
||
| 500 | _aCatálogo de la exposición realizada en el Museo Soumaya, mayo 1998 | ||
| 504 | _aBibliografía : p. 254-257 | ||
| 600 | 1 | 4 |
_aÁlvarez Bravo, Manuel _d1902 _vExposiciones _xColección de arte _91659 |
| 650 | 1 | 4 |
_aImprentas europeas _vExposiciones _xColecciones privadas _ySiglo XV-XVI _91660 |
| 650 | 1 | 4 |
_aGrabado _xTécnica _91661 |
| 650 | 1 | 4 |
_aHeráldica _91662 |
| 700 | 1 |
_aAlvarez Bravo, Manuel _d1902- _91663 |
|
| 942 |
_2lcc _cB |
||
| 999 |
_c417 _d417 |
||